MARC

LEADER 00000nam0a2200000 4500
001 57430
005 20231031054225.0
010 |a 5211001168 
035 |a (RuTPU)RU\TPU\book\60594 
090 |a 57430 
100 |a 20031103d1988 m y0rusy50 ca 
101 0 |a rus 
102 |a RU 
105 |a a j 001zy 
200 1 |a Элементарные процессы в низкотемпературной плазме  |e учебное пособие  |f И. А. Семиохин 
210 |a Москва  |c Изд-во МГУ  |d 1988 
215 |a 141 с.  |c ил. 
320 |a Библиогр.: с. 130-134. 
320 |a Указатель условных обозначений: c. 135-140. 
610 1 |a плазма 
610 1 |a плазма низкотемпературная 
610 1 |a элементарные процессы 
610 1 |a учебники 
610 1 |a частицы 
610 1 |a релаксация 
610 1 |a рекомбинация 
610 1 |a модели 
610 1 |a температура 
610 1 |a плотность 
610 1 |a спектр 
610 1 |a физика 
610 1 |a библиотека А. Г. Стромберга 
675 |a 533.915(075.8)  |v 3 
700 1 |a Семиохин  |b И. А.  |g Иван Александрович 
801 1 |a RU  |b 63413507  |c 20031103  |g PSBO 
801 2 |a RU  |b 63413507  |c 20170913  |g PSBO 
900 |a Процессы и аппараты химической технологии 
900 |a Взаимодействие излучения с веществом 
900 |a Элементарные процессы и термодинамика плазмы 
942 |c BK 
952 |a 510500  |b 250000